000 00254nam a22001217a 4500
041 _aENG
100 _aTaylor.A.J
245 _aFood Flavour Technology
260 _aDelhi
_bCRC Press
_c2002
300 _a302
650 _aAPE
856 _uAPE ( 02 )
999 _c1645
_d1645